Statistics for Fall Out Boy - Heartbreak Feels So Good (Lyrics)

Click here to take the quiz!

General Stats

  • This quiz has been taken 21 times
  • The average score is 217 of 287

Answer Stats

Answer% Correct
feels
100%
good
100%
Heartbreak
100%
heartbreak
100%
so
100%
a
95%
you
95%
You
95%
We
90%
we
90%
an
85%
Don't
85%
don't
85%
Don't
85%
for
85%
No
85%
no
85%
the
85%
The
85%
to
85%
as
80%
but
80%
But
80%
know
80%
know,
80%
they
80%
up
80%
was
80%
what
80%
battle
75%
could
75%
cry
75%
dancing,
75%
didn't
75%
didn't
75%
Is
75%
It
75%
little,
75%
lot
75%
now
75%
now,
75%
of
75%
off
75%
stop
75%
take
75%
uphill
75%
away,
70%
dare
70%
We'll
70%
later
70%
matter
70%
or
70%
our
70%
ramp
70%
road
70%
tell
70%
this
70%
We'll
70%
and
65%
And
65%
dance
65%
gonna
65%
tears
65%
use
65%
were
65%
bad
60%
future's
60%
miracle?
60%
never
60%
ourselves
60%
sell
60%
there
60%
baby
55%
It's
55%
emancipate
55%
end?
55%
grabs
55%
it's
55%
on
55%
roads
55%
word
55%
blue
50%
endless
50%
friendless
50%
grow
50%
Nobody
50%
open
50%
said
50%
season
50%
won't
50%
from
45%
we'd
45%
climb
40%
pretend
40%
Light
35%
messages
35%
moods
35%
please
35%
screen
35%
unsent
30%

Score Distribution

Percentile by Number Answered

Percent of People with Each Score

Your Score History

You have not taken this quiz